Z povnoju viddačeju syl (do 70-riččja doc. inž. Pavla Šutjaka)

Podrobná bibliografia
Hlavný autor: Mychajliv, Kornij (Autor)
Médium: Článok
Jazyk:ukrajinčina
Fyzický popis:Fotogr.
Predmet:

MARC

LEADER 00000nab a2200000 a 4500
001 vtls000778144
003 SK-MaSNL
005 20260318121917.0
008 160322c2001 xo 0 ukr
015 |a SNBRB2001/12-36527 
035 |a CLN000129925 
040 |a SNKBUCL  |b slo  |c SNKBUCL  |e AACR2 
041 0 |a ukr 
044 |a xo  |c SK 
080 |a 37-051  |2 UDC-MRF-SK2 
080 |a 929 Šuťak, Pavol  |2 UDC-MRF-SK2 
100 1 |a Mychajliv, Kornij  |4 aut  |9 999594 
245 1 0 |a Z povnoju viddačeju syl  |b (do 70-riččja doc. inž. Pavla Šutjaka)  |c Kornij Mychajliv 
300 |b Fotogr. 
600 1 7 |a Šuťak, Pavol  |d 1931-  |2 snkbucl  |9 1330795 
651 7 |a Medzilaborce (Slovensko : okres)  |2 snkbucl  |9 29394 
651 7 |a Prešov (Slovensko)  |2 snkbucl  |9 17347 
655 7 |a články z novín a časopisov  |2 snkbucl  |9 267496 
773 0 |t Nove žyttja  |g Roč. 51, č. 29-30 (2001), s. 2 
850 |a Slovenská národná knižnica v Martine 
852 |a SNK  |b KIS3GCP 
958 |a UK 
958 |a SK 
958 |a BX 
958 |a RBX 
999 |c 3255271  |d 3257201